Луи Брайль: мир – слепым (Запись № 13717524)

Подробности
000 -МАРКЕР
контрольное поле 02289nam0a2200397 4500
001 - ИДЕНТИФИКАТОР ЗАПИСИ
контрольное поле RU\NLR\BIBL_A\022742124
005 - ИДЕНТИФИКАТОР ВЕРСИИ
контрольное поле 20260531100041.0
010 ## - МЕЖДУНАРОДНЫЙ СТАНДАРТНЫЙ НОМЕР КНИГИ (ISBN)
Номер (ISBN) 978-5-907940-08-6
Тираж 150
021 ## - НОМЕР ГОСУДАРСТВЕННОЙ РЕГИСТРАЦИИ
Код страны Российская Федерация
Номер КН-П-26-002185
Номер Листа государственной регистраци КН-П-26-0198
035 ## - ДРУГИЕ СИСТЕМНЫЕ НОМЕРА
Идентификатор записи (NLR Aleph) 022742124
100 ## - ДАННЫЕ ОБЩЕЙ ОБРАБОТКИ
Данные общей обработки 20260303d2025 k y0rusy50 ca
101 0# - ЯЗЫК РЕСУРСА
Язык текста, звукозаписи и т.д. русский
102 ## - СТРАНА ПУБЛИКАЦИИ ИЛИ ПРОИЗВОДСТВА
Страна публикации Российская Федерация
105 ## - ПОЛЕ КОДИРОВАННЫХ ДАННЫХ: ТЕКСТОВЫЕ МАТЕРИАЛЫ, МОНОГРАФИЧЕСКИЕ
Кодированные данные о монографическом текстовом документе y z 110yd
181 #0 - ПОЛЕ КОДИРОВАННЫХ ДАННЫХ: ВИД СОДЕРЖАНИЯ
Код вида содержания (ISBD) i
Код характеристики содержания (ISBD) axxe
182 #0 - ПОЛЕ КОДИРОВАННЫХ ДАННЫХ: ТИП СРЕДСТВА
Код типа средства (ISBD) n - непосредственное
200 1# - ЗАГЛАВИЕ И СВЕДЕНИЯ ОБ ОТВЕТСТВЕННОСТИ
Основное заглавие Луи Брайль: мир – слепым
Сведения, относящиеся к заглавию сборник материалов Международной научно-практической конференции ["Завершая юбилейный год Брайля"], посвящённой 215-летию со дня рождения Л. Брайля, [19 марта 2025 года]
Первые сведения об ответственности Российская государственная библиотека для слепых
Последующие сведения об ответственности [сост.: Е. В. Захарова]
203 ## - ВИД СОДЕРЖАНИЯ И ТИП СРЕДСТВА
Вид содержания Текст
Дополнительные сведения об издании визуальный
Тип средства непосредственный
210 ## - ПУБЛИКАЦИЯ, РАСПРОСТРАНЕНИЕ И ДР.
Место издания, распространения и т.д. Москва
Имя издателя, распространителя и т. д. РГБС
Дата издания, распространения и т.д. 2025
215 ## - ФИЗИЧЕСКАЯ ХАРАКТЕРИСТИКА
Специфическое обозначение материала и объем 163 с.
Размеры 21
320 ## - ПРИМЕЧАНИЯ О НАЛИЧИИ В ДОКУМЕНТЕ БИБЛИОГРАФИИ / УКАЗАТЕЛЯ
Текст примечания Библиогр. в конце ст.
333 ## - ПРИМЕЧАНИЯ ОБ ОСОБЕННОСТЯХ РАСПРОСТРАНЕНИЯ И ИСПОЛЬЗОВАНИЯ
Текст примечания 12+
606 1# - НАИМЕНОВАНИЕ ТЕМЫ КАК ПРЕДМЕТ
Наименование темы Книги для слепых
Формальный подзаголовок Съезды, совещания и т.п
Системный номер авторитетной/нормативной записи 1297814
Идентификатор авторитетной/нормативной записи RU\NLR\AUTH\66537199
606 1# - НАИМЕНОВАНИЕ ТЕМЫ КАК ПРЕДМЕТ
Наименование темы Азбука Брайля
Формальный подзаголовок Съезды, совещания и т.п
Тематический подзаголовок Изучение в специальных (коррекционных) учебных заведениях
Системный номер авторитетной/нормативной записи 2708632
Идентификатор авторитетной/нормативной записи RU\NLR\AUTH\6601770372
686 1# - ИНДЕКСЫ ДРУГИХ КЛАССИФИКАЦИЙ
Индекс Ч617.167.9
686 1# - ИНДЕКСЫ ДРУГИХ КЛАССИФИКАЦИЙ
Индекс Ч433.613я431
702 #1 - ИМЯ ЛИЦА - ВТОРИЧНАЯ ОТВЕТСТВЕННОСТЬ
Код отношения Составитель
Графика поля Кириллица
Материалы, к которым относится поле rus
Начальный элемент ввода Захарова
Часть имени, кроме начального элемента ввода Е. В.
Дополнения к именам, кроме дат канд. пед. наук
Расширение инициалов личного имени Елена Васильевна
Системный номер авторитетной/нормативной записи 19639
Идентификатор авторитетной/нормативной записи RU\NLR\AUTH\7736650
702 #1 - ИМЯ ЛИЦА - ВТОРИЧНАЯ ОТВЕТСТВЕННОСТЬ
Код отношения Объект посвящения
Начальный элемент ввода Брайль
Часть имени, кроме начального элемента ввода Л.
Даты 1809-1852
Расширение инициалов личного имени Луи
Системный номер авторитетной/нормативной записи 138937
Идентификатор авторитетной/нормативной записи RU\NLR\AUTH\770138972
711 12 - НАИМЕНОВАНИЕ ОРГАНИЗАЦИИ - АЛЬТЕРНАТИВНАЯ ОТВЕТСТВЕННОСТЬ
Начальный элемент ввода "Завершая юбилейный год Брайля", международная научно-практическая конференция
Место проведения временной организации Москва
Дата проведения временной организации 2025
Системный номер авторитетной/нормативной записи 2699934
Идентификатор авторитетной/нормативной записи RU\NLR\AUTH\880639752
712 02 - НАИМЕНОВАНИЕ ОРГАНИЗАЦИИ - ВТОРИЧНАЯ ОТВЕТСТВЕННОСТЬ
Код отношения Прочие
Начальный элемент ввода Российская государственная библиотека для слепых
Системный номер авторитетной/нормативной записи 374967
Идентификатор авторитетной/нормативной записи RU\NLR\AUTH\889940066
942 ## - ДОПОЛНИТЕЛЬНЫЕ ЭЛЕМЕНТЫ ЗАПИСИ (АБИС)
Тип экземпляра АБИС Книга
980 ## - КОЛЛЕКЦИЯ
Название коллекции Национальная библиография

Нет доступных экземпляров.